Coastal and submarine morphology
This book is introducted about coastal geomorphology (waves, currents, wind,...) Submarine geomorphology .
Đã lưu trong:
| Tác giả chính: | |
|---|---|
| Định dạng: | Sách |
| Ngôn ngữ: | Undetermined |
| Được phát hành: |
London
Methuen & CO ltd
1958
|
| Những chủ đề: | |
| Các nhãn: |
Thêm thẻ
Không có thẻ, Là người đầu tiên thẻ bản ghi này!
|
| Thư viện lưu trữ: | Trung tâm Học liệu Trường Đại học Cần Thơ |
|---|
| LEADER | 00670nam a2200193Ia 4500 | ||
|---|---|---|---|
| 001 | CTU_143823 | ||
| 008 | 210402s9999 xx 000 0 und d | ||
| 082 | |a 551.46 | ||
| 082 | |b G953 | ||
| 100 | |a Guilcher, André | ||
| 245 | 0 | |a Coastal and submarine morphology | |
| 245 | 0 | |c André Guilcher | |
| 260 | |a London | ||
| 260 | |b Methuen & CO ltd | ||
| 260 | |c 1958 | ||
| 520 | |a This book is introducted about coastal geomorphology (waves, currents, wind,...) Submarine geomorphology . | ||
| 650 | |a Submarine topography,Submarine geology,Geomorphology,Địa hình dưới biển | ||
| 904 | |i Năm | ||
| 980 | |a Trung tâm Học liệu Trường Đại học Cần Thơ | ||